| 000 | 01067nam0a2200313 4500 | ||
|---|---|---|---|
| 001 | RU\NLR\bibl\446589 | ||
| 005 | 20250623180524.0 | ||
| 010 |
_a5-89048-101-0 _93000 |
||
| 021 |
_aRU _b2003-48886 _92354 |
||
| 035 | _a(NLR Aleph) 000440258 | ||
| 090 |
_a809659 _c809659 |
||
| 100 | _a20031014d2003 |||y0rusy50 ca | ||
| 101 | 0 | _arus | |
| 102 | _aRU | ||
| 105 | _aa ||||||||| | ||
| 200 | 1 |
_aЯ - подводная лодка _fНиколай Черкашин |
|
| 210 |
_aМ _cСовершенно секретно _d2003 |
||
| 215 |
_a444, [2] с., [24] л. ил. _d21 |
||
| 225 | 1 | _aМорская коллекция | |
| 601 | 0 | 1 |
_aРоссийская Федерация _bВоенно-морской флот _bПодводные силы _92592498 _3RU\NLR\auth\661531983 |
| 686 | _aЦ66,6(2Р)11 | ||
| 700 | 1 |
_aЧеркашин _bН. А. _gНиколай Андреевич _4070 |
|
| 801 | 0 |
_aRU _bNLR _c20031014 _gPSBO |
|
| 801 | 1 |
_aRU _bNLR _c20031014 |
|
| 830 | _aАвт. по кн. | ||
| 942 | _cBOOK | ||
| 980 | _aNB | ||